00624nam a2200205Ia 4500003000400000005001700004008004100021040001800062041000800080082002100088245002000109250001200129300002800141650003300169650002800202650003300230942003000263999001900293952010600312OSt20260109134451.0210716s9999 xx 000 0 und d cAIMIT LIBRARY aeng a006.45 21bSOUN aSound blaster / a1st ed. aix,I-4p. ;bPBc21.4 cm aCreative ensemble AV9250849 aCreative mosaic9250850 aFM intelligent organ9250851 2ddccBKe1stk006.45 SOUN c187526d187526 001040708MCAaAIMITbAIMITeDonatedl0o006.45 SOUNpMCA07034r2026-05-23 00:00:00w2021-07-16yBK